| 000 | 00835nam a2200205 a 4500 | ||
|---|---|---|---|
| 003 | 0 | ||
| 005 | 20250625094510.0 | ||
| 008 | 021108s19uu xx 00 eng d | ||
| 050 |
_aPGS HV 5824.C45 _b.H557 2002 |
||
| 100 | _aHernandez, Joselito Luis Misa. | ||
| 245 |
_aPerceptions and awareness of grade six students on drugs and on why people use prohibited drugs / _cJoselito Luis Misa Hernandez. |
||
| 260 |
_aLas PiƱas City, Philippines : _bSouthville International School and Colleges, _c2002. |
||
| 300 |
_a21 pages ; _billustrations ; _c28 cm. |
||
| 504 | _aIncludes bibliographical references. | ||
| 650 |
_aDrug abuse _vPrevention _vStudy and teaching (Elementary). |
||
| 650 |
_aDrug use _vCauses. |
||
| 650 |
_aDrug abuse _vPsychological aspects. |
||
| 650 |
_aChildren _vDrug use _vSocial aspects. |
||
| 942 |
_2lcc _cPASS |
||
| 999 |
_c96625 _d96625 |
||